Individualism and economic order

Saved in:
Bibliographic Details
Main Author: Hayek, Friedrich A.
Format: Book
Language:Undetermined
Published: Chicago University of Chicago Press 1980
Subjects:
Tags: Add Tag
No Tags, Be the first to tag this record!
Institutions: Trung tâm Học liệu Trường Đại học Cần Thơ
LEADER 00460nam a2200169Ia 4500
001 CTU_78511
008 210402s9999 xx 000 0 und d
082 |a 330 
082 |b H419 
100 |a Hayek, Friedrich A. 
245 0 |a Individualism and economic order 
245 0 |c Friedrich A. Hayek 
260 |a Chicago 
260 |b University of Chicago Press 
260 |c 1980 
650 |a Economics 
980 |a Trung tâm Học liệu Trường Đại học Cần Thơ